000 00579nam a2200217Ia 4500
003 OSt
005 20220926035118.0
006 a|||||r|||| 00| 0
007 ta
008 220923b |||||||| |||| 00| 0 eng d
037 _cGeneral Book
040 _aRTL
_cRTL
_beng
041 _2eng
_aeng
082 _aY:50aX9, J0
110 _aMilbank Memorial Fund
_9134000
245 0 _aModernization programs in relation to human resour
260 _c1950
700 _aMilbank Memorial Fund
_9134001
942 _hY:50aX9, J0
_cGB
_2CC
999 _c661357
_d661357